The 50 Greatest Movie Franchises Quiz Stats

Quiz Updated Dec 25, 2015

Challenge
Share
Tweet
If the rank is followed by *, the answer is the name of the central character in the series but was never by itself the title of any movie in the franchise. The † franchises did not include any characters common to all movies, but were in a distinct and shared universe.
Score 0/50 Timer 10:00
1 Play Today
# Movie Franchise % Correct
4Star Wars
89.6%
7*Harry Potter
80.9%
5Lord of the Rings
75.3%
13Batman
74.3%
3Spider-Man
69.8%
10The Avengers
67.3%
1*Indiana Jones
65.5%
27Superman
64.9%
2Toy Story
63.6%
33Star Trek
63.3%
20*James Bond
60.3%
6The Godfather
58.9%
35Twilight
50.9%
32The Terminator
45.4%
21Rocky
45.2%
16X-Men
45.2%
8Shrek
45.1%
22Die Hard
42.8%
12*Jason Bourne
41.7%
19Pirates of the Caribbean
40%
31Transformers
34.3%
28Jaws
34%
14Mission: Impossible
33.1%
9Back To the Future
33.1%
15The Matrix
33%
# Movie Franchise % Correct
11Jurassic Park
32.1%
48Rambo
31.6%
47Fast and Furious
29%
30Men In Black
28.7%
17Lethal Weapon
27%
40Scream
26.3%
25Ice Age
25.3%
29*Danny Ocean / Ocean's Eleven
23.7%
24*Austin Powers
20.4%
43American Pie
18.3%
23Chronicles of Narnia
18.2%
38Home Alone
17.5%
26Beverly Hills Cop
16.7%
18*Jack Ryan
16.5%
34*The Fockers
16.2%
41*Hannibal Lecter
13.7%
37Rush Hour
13.3%
49The Mummy
12.6%
36The Naked Gun
12%
50National Lampoon's Vacation
9.8%
39Paranormal Activity
8.7%
46Spy Kids
7.2%
44The Exorcist
6.5%
42The Santa Clause
6%
45'Crocodile' Dundee
4.9%

You're not logged in!

Compare scores with friends on all Sporcle quizzes.
Sign Up with Email
OR
Log In

You Might Also Like...

Show Comments

Extras

Top Quizzes Today


Score Distribution

Your Account Isn't Verified!

In order to create a playlist on Sporcle, you need to verify the email address you used during registration. Go to your Sporcle Settings to finish the process.